| 000 | 01197cam a22003014a 4500 | ||
|---|---|---|---|
| 001 | 12584705 | ||
| 003 | ARRUPE | ||
| 005 | 20150908104115.0 | ||
| 008 | 011108s2002 ne a b 001 0 eng | ||
| 010 | _a 2001050642 | ||
| 020 | _a1402002343 (alk. paper) | ||
| 040 |
_aDLC _cDLC _dDLC |
||
| 042 | _apcc | ||
| 050 | 0 | 0 |
_aQ174 _b.B67 vol. 225 _aQ175 |
| 082 | 0 | 0 |
_a001/.01 s _a501 _221 |
| 245 | 0 | 0 |
_aHermeneutic philosophy of science, Van Gogh's eyes, and God : _bessays in honor of Patrick A. Heelan / _cedited by Babette E. Babich. |
| 260 |
_aDordrecht ; _aBoston : _bKluwer Academic Publishers, _cc2002. |
||
| 300 |
_axvii, 484 p. : _bill. ; _c25 cm. |
||
| 440 | 0 |
_aBoston studies in the philosophy of science ; _vv. 225 _919438 |
|
| 504 | _aIncludes bibliographical references (p. 461-467) and index. | ||
| 650 | 0 |
_aScience _xPhilosophy. _919439 |
|
| 650 | 0 |
_aHermeneutics. _919440 |
|
| 700 | 1 |
_aHeelan, Patrick A. _919441 |
|
| 700 | 1 |
_aBabich, Babette E., _d1956- _919442 |
|
| 906 |
_a7 _bcbc _corignew _d1 _eocip _f20 _gy-gencatlg |
||
| 942 |
_2lcc _cMONOGRAPH |
||
| 999 |
_c123275 _d123275 |
||